[Event "Capablanca Mem Premier 2"]
[Site "Havana CUB"]
[Date "2005.05.10"]
[Round "5"]
[White "Colovic,A"]
[Black "Almeida,O"]
[Result "1/2-1/2"]
[WhiteElo "2418"]
[BlackElo "2452"]

1.e4 d5 2.exd5 Qxd5 3.Nc3 Qd6 4.d4 Nf6 5.Nf3 a6 6.g3 Bf5 7.Bg2 Nc6 8.O-O O-O-O
9.d5 Nxd5 10.Nxd5 Qxd5 11.Qxd5 Rxd5 12.Nh4 Be6 13.Bxd5 Bxd5 14.Be3 e6 15.b3 Nb4
16.c4 Bc6 17.a3 Nc2 18.Ra2 Nxe3 19.fxe3 f6 20.b4 Be7 21.Rd2 g5 22.Nf3 e5
23.Kf2 h5 24.h4 g4 25.Ng1 f5 26.Ne2 Bf3 27.Ng1 Bc6 28.Ne2 Bf3 29.Ng1 Bc6
30.Ne2  1/2-1/2

[Event "ch-LTU"]
[Site "Siauliai LTU"]
[Date "2005.05.11"]
[Round "7"]
[White "Narmontas,M"]
[Black "Savickas,A"]
[Result "1-0"]
[WhiteElo "2189"]
[BlackElo "2275"]

1.e4 d5 2.exd5 Qxd5 3.Nc3 Qd6 4.d4 Nf6 5.Be3 a6 6.Qd2 b5 7.Bd3 Bb7 8.f3 Nd5
9.Nxd5 Bxd5 10.Ne2 e6 11.Nc3 Bb7 12.O-O Be7 13.Be4 c6 14.f4 Nd7 15.Bf3 Qc7
16.Rae1 O-O 17.Kh1 c5 18.f5 Bxf3 19.Rxf3 cxd4 20.Bxd4 b4 21.Nd5 Qd6 22.Nxe7+ Qxe7
23.f6 Nxf6 24.Bxf6 Qc5 25.Rg3 Rfc8 26.Rxg7+ Kf8 27.Rxh7  1-0

[Event "Victory Cup"]
[Site "Alushta UKR"]
[Date "2005.05.12"]
[Round "1"]
[White "Annageldyev,O"]
[Black "Hasangatin,R"]
[Result "0-1"]
[WhiteElo "2483"]
[BlackElo "2416"]

1.e4 d5 2.exd5 Qxd5 3.Nc3 Qd6 4.d4 c6 5.Be2 Nf6 6.Nf3 Bg4 7.h3 Bh5 8.g4 Bg6
9.Ne5 e6 10.Bf4 Qb4 11.a3 Qxb2 12.Nxg6 Qxc3+ 13.Bd2 Qxa1 14.Qxa1 hxg6 15.Qb2 b6
16.Bf3 Be7 17.c4 O-O 18.h4 Rc8 19.h5 gxh5 20.gxh5 Nbd7 21.Rg1 Kh8 22.Bc3 Rab8
23.Qc1 b5 24.Qg5 Rg8 25.h6 g6 26.Bxc6 bxc4 27.Bxd7 Nd5 28.Qc1 Nxc3 29.Qxc3 Rb1+
30.Ke2 Rxg1 31.d5+ Kh7 32.dxe6 f6 33.Qxc4 Kxh6 34.Qc7 Rg5 35.f4 Rf5 36.Bc6 Rg7
37.Be4 Rh5 38.Qxa7 Rh2+ 39.Kf1 f5 40.Bg2 Bd6 41.Qf2 Rc7 42.Qb2 Kh7 43.a4 Rh4
44.Qb6 Rxf4+ 45.Ke2 Rc2+ 46.Kd3 Rff2 47.Qa7+ Kh6 48.Qe3+ Bf4 49.Qxf4+ Rxf4
50.Kxc2 Rf2+ 51.Kd3 Kg7 52.Bd5 Kf6 53.a5 Rf1 54.Kc4 Ra1 55.Kb5 f4 56.a6 Ra3
57.Kb6 f3 58.a7 f2 59.Bc4 g5 60.Kb7 g4 61.a8=Q Rxa8 62.Kxa8 g3 63.Bf1 Kxe6
64.Kb7 Kd5  0-1

[Event "48th TCh-SCG"]
[Site "Herceg Novi SCG"]
[Date "2005.05.15"]
[Round "1"]
[White "Nikac,P"]
[Black "Lazic,Mi"]
[Result "1/2-1/2"]
[WhiteElo "2361"]
[BlackElo "2500"]

1.e4 d5 2.exd5 Qxd5 3.Nc3 Qd8 4.Bc4 Nf6 5.Nf3 Bf5 6.Ne5 e6 7.Qf3 Qd4 8.Bb5+ Ke7
9.O-O c6 10.Re1 Bg4 11.Nxg4 Qxg4 12.Qxg4 Nxg4 13.Bc4 Kd8 14.Ne4 Be7 15.d4 Nf6
16.Ng5 Rf8 17.a4 h6 18.Ne4 Nxe4 19.Rxe4 a5 20.Bf4  1/2-1/2

[Event "48th TCh-SCG"]
[Site "Herceg Novi SCG"]
[Date "2005.05.15"]
[Round "1"]
[White "Pavlovic,Neb"]
[Black "Vojinovic,G"]
[Result "1/2-1/2"]
[WhiteElo "2284"]
[BlackElo "2475"]

1.e4 d5 2.exd5 Qxd5 3.Nc3 Qd6 4.d4 Nf6 5.Nf3 a6 6.g3 b5 7.Bg2 Bb7 8.O-O e6
9.Qe2 Nbd7 10.Rd1 Be7 11.Ne5 Bxg2 12.Kxg2 Nxe5 13.dxe5 Qc6+ 14.Qf3 Qxf3+
15.Kxf3 Nd7 16.Ke4 f5+ 17.exf6 Bxf6 18.Be3 Bxc3 19.bxc3 Nf6+ 20.Kf3 Nd5 21.Bd4 O-O+
22.Kg2 Rac8 23.a4 c5 24.Be5 b4 25.a5 bxc3 26.Ra3 Rf7 27.Bxc3 Rb7 28.Be5 c4
29.Rd4 Rb5 30.Ra4 c3 31.Rdc4 Rxc4 32.Rxc4 Rb2 33.Rc6 Rxc2 34.Rxa6 Re2 35.Ra8+ Kf7
36.Ra7+ Kg6 37.Rxg7+ Kf5 38.Bf4 c2 39.Bh6 Re1 40.a6 c1=Q 41.Bxc1 Rxc1 42.Rxh7 Ra1
43.a7 Ra2 44.Rf7+ Kg6 45.Rb7 Nf6 46.h3 e5 47.Kf3 Kf5 48.g4+ Kg5 49.Rg7+ Kh6
50.Re7 e4+ 51.Kg3 Kg6 52.Kh4 Ra3 53.g5 Nh7 54.Rxe4 Nxg5 55.Re8 Ra4+ 56.f4 Nxh3
57.a8=Q Rxa8 58.Rxa8 Nxf4  1/2-1/2

[Event "ch-UKR sf"]
[Site "Alushta UKR"]
[Date "2005.05.16"]
[Round "1"]
[White "Solomaha,A"]
[Black "Vasiliev,M"]
[Result "1/2-1/2"]
[WhiteElo "2384"]
[BlackElo "2213"]

1.e4 d5 2.exd5 Qxd5 3.Nc3 Qd6 4.d4 Nf6 5.h3 a6 6.Nf3 Nc6 7.Be3 e5 8.dxe5 Nxe5
9.Nxe5 Qxe5 10.Bc4 Bb4 11.Qd4 Qxd4 12.Bxd4 b5 13.Bxf6 gxf6 14.Bd5 Bxc3+ 15.bxc3 Rb8
16.O-O-O Be6 17.Rhe1 Rb6 18.f4 O-O 19.Bxe6 fxe6 20.Re3 Rc6 21.Rd7 Rf7 22.Rd8+ Kg7
23.Re8 Kg6 24.g4 Rc4 25.R8xe6 Rxf4 26.Rxa6 Rd7 27.Rae6 Rf1+ 28.Re1 Rf2 29.R1e2 Rf3
30.R6e3 Rf1+ 31.Kb2 Rdd1 32.Ka3 Rf4 33.Kb2 Rff1 34.Re7 Rb1+ 35.Ka3 c6 36.R7e4  1/2-1/2

[Event "Victory Cup"]
[Site "Alushta UKR"]
[Date "2005.05.16"]
[Round "5"]
[White "Zinchenko,Ya"]
[Black "Hasangatin,R"]
[Result "1/2-1/2"]
[WhiteElo "2460"]
[BlackElo "2416"]

1.e4 d5 2.exd5 Qxd5 3.Nc3 Qd6 4.d4 c6 5.Nf3 Bg4 6.Be3 Nf6 7.h3 Bh5 8.g4 Bg6
9.Ne5 Nbd7 10.Nc4 Qc7 11.Qf3 e6 12.Bf4 Qd8 13.O-O-O Nd5 14.Bg3 Qf6 15.Bg2 Qxf3
16.Bxf3 Nxc3 17.bxc3 Nb6 18.Nd6+ Bxd6 19.Bxd6 Kd7 20.Bf4 Nd5 21.Bxd5 cxd5
22.Kd2 h5 23.f3 b6 24.h4 Rac8 25.g5 Rc4 26.Rb1 Rhc8 27.Rb3 Ra4 28.Ra1 Bf5
29.Be5 g6 30.a3 Rac4 31.a4 Kc6 32.Rb4 a5 33.Rxc4+ dxc4 34.Rb1 Rd8 35.Rb5 Rd7
36.Kc1 Kb7 37.Kd2 Rd5 38.Rb1 Kc6 39.Rb2 Rd7 40.Rb5 Kb7 41.Rb2 Ka6 42.Rb5 Bh3
43.Rb1 Kb7 44.Rb5 Kc6 45.Rb2 Rd5 46.Rb1 Bg2 47.Ke3 Bh3 48.Kd2 Bf5 49.Rb2  1/2-1/2

[Event "48th TCh-SCG"]
[Site "Herceg Novi SCG"]
[Date "2005.05.16"]
[Round "2"]
[White "Brenjo,S"]
[Black "Ostojic,N"]
[Result "1/2-1/2"]
[WhiteElo "2463"]
[BlackElo "2437"]

1.e4 d5 2.exd5 Qxd5 3.Nc3 Qd8 4.Nf3 Nf6 5.g3 c6 6.Bg2 Bg4 7.h3 Bxf3 8.Qxf3 e6
9.O-O Be7 10.Rb1 a5 11.a3 Na6 12.Ne4 O-O 13.d3 Nc7 14.Qe2 a4 15.Bd2 Nxe4
16.dxe4 e5 17.Rbd1 Ne6 18.Be3 Qc7 19.h4 Rad8 20.c3 Rxd1 21.Rxd1 Rd8 22.Bh3 Nc5
23.Qg4 Ne6 24.Qe2 Nc5 25.Qg4  1/2-1/2

[Event "48th TCh-SCG"]
[Site "Herceg Novi SCG"]
[Date "2005.05.16"]
[Round "2"]
[White "Ivanovic,B"]
[Black "Tosic,M"]
[Result "1-0"]
[WhiteElo "2428"]
[BlackElo "2479"]

1.e4 d5 2.exd5 Qxd5 3.Nc3 Qd8 4.Bc4 Nf6 5.Nf3 a6 6.d4 b5 7.Bb3 Bb7 8.O-O e6
9.Qe2 Be7 10.Bg5 O-O 11.Rfe1 b4 12.Bxf6 Bxf6 13.Ne4 Nd7 14.Rad1 Nb6 15.c4 bxc3
16.bxc3 Bxe4 17.Qxe4 Qd6 18.Ne5 Bxe5 19.dxe5 Qe7 20.Rd3 Rfd8 21.Rg3 Nd7 22.Bc2 Nf8
23.h4 Rab8 24.Bb3 Rd2 25.h5 Rbd8 26.Ree3 Nd7 27.Qg4 Qf8 28.Qf4 Kh8 29.Ref3 Rb2
30.Qxf7 h6 31.Qxd7  1-0

[Event "FSIM May"]
[Site "Budapest HUN"]
[Date "2005.05.17"]
[Round "11"]
[White "Prohaszka,P2"]
[Black "Galyas,M"]
[Result "1/2-1/2"]
[WhiteElo "2265"]
[BlackElo "2444"]

1.e4 d5 2.exd5 Qxd5 3.Nc3 Qd6 4.Bc4 Nf6 5.Qf3 a6 6.d3 Nc6 7.Ne4 Qd8 8.Nxf6+ exf6
9.Ne2 Ne5 10.Qe4 Qe7 11.Bb3 Qb4+ 12.Qxb4 Bxb4+ 13.Bd2 Bxd2+ 14.Kxd2 Be6 15.Nd4 Bxb3
16.Nxb3 O-O-O 17.Rae1 Rhe8 18.h3 b6 19.Kc1 Re6 20.Re3 Nc6 21.Rhe1 Rde8 22.Kd2 a5
23.c3 Kd7 24.d4 Ne7 25.R3e2 Nf5 26.Nc1 Nh4 27.Rg1 c6 28.f3 h5 29.Rf2  1/2-1/2

[Event "ch-RUS w"]
[Site "Samara RUS"]
[Date "2005.05.17"]
[Round "3"]
[White "Kosintseva,T"]
[Black "Korbut,E"]
[Result "1-0"]
[WhiteElo "2486"]
[BlackElo "2399"]

1.e4 d5 2.exd5 Qxd5 3.Nc3 Qd6 4.d4 Nf6 5.Nf3 a6 6.g3 Bg4 7.Bg2 e6 8.h3 Bxf3
9.Qxf3 c6 10.Qd3 Qc7 11.O-O Bd6 12.Re1 O-O 13.Ne4 Be7 14.Bf4 Qb6 15.c4 Rd8
16.Be3 Qa5 17.Nxf6+ Bxf6 18.Qb3 b5 19.d5 bxc4 20.Qb7 Nd7 21.dxe6 fxe6 22.Qxc6 Rac8
23.Qxe6+ Kh8 24.Re2 Qb5 25.Rae1 Ne5 26.Bg5 Re8 27.Qf5 Qb6 28.Be4 Ng6 29.Bb7 Rf8
30.Bxc8 Be7 31.Bxe7  1-0

[Event "Open"]
[Site "Znojmo CZE"]
[Date "2005.05.17"]
[Round "4"]
[White "Kulovana,E"]
[Black "Voborny,D"]
[Result "1/2-1/2"]
[WhiteElo "2153"]
[BlackElo "1930"]

1.e4 d5 2.exd5 Qxd5 3.Nc3 Qd8 4.Bc4 c5 5.Nf3 e6 6.d3 Nf6 7.O-O Nc6 8.Bf4 a6
9.a4 Bd6 10.Bxd6 Qxd6 11.Ne4 Nxe4 12.dxe4 Qc7 13.c3 b6 14.Qe2 Bb7 15.e5 O-O
16.Rfe1 Na5 17.Bd3 Bxf3 18.Qxf3 Nc6 19.Qe4 g6 20.Re3 Rfd8 21.f4 Ne7 22.Rh3 Nd5
23.Rf1 Qe7 24.Qe2 a5 25.g4 Ra7 26.f5 Qg5 27.fxg6 fxg6 28.Qe4 Rf8 29.Rhf3  1/2-1/2

[Event "48th TCh-SCG"]
[Site "Herceg Novi SCG"]
[Date "2005.05.18"]
[Round "4"]
[White "Radulski,J"]
[Black "Mincic,S"]
[Result "1-0"]
[WhiteElo "2502"]
[BlackElo "2316"]

1.e4 d5 2.exd5 Qxd5 3.Nc3 Qd6 4.d4 Nf6 5.Nf3 a6 6.a3 Bg4 7.h3 Bh5 8.g4 Bg6
9.Nh4 Nc6 10.d5 Qe5+ 11.Be3 O-O-O 12.Nf3 Qd6 13.dxc6 Qxc6 14.Qe2 e5 15.Bg2 Bd6
16.Nh4 e4 17.Nxg6 hxg6 18.g5 Be5 19.O-O Qe6 20.f4 Rxh3 21.fxe5 Rxe3 22.Qxe3 Ng4
23.Bh3  1-0

[Event "48th TCh-SCG"]
[Site "Herceg Novi SCG"]
[Date "2005.05.18"]
[Round "4"]
[White "Simonovic,A"]
[Black "Randjelovic,B"]
[Result "1-0"]
[WhiteElo "2408"]
[BlackElo "2270"]

1.e4 d5 2.exd5 Qxd5 3.Nc3 Qd6 4.d4 Nf6 5.Be2 a6 6.Bf3 Nc6 7.Nge2 Bg4 8.Bxg4 Nxg4
9.Bf4 e5 10.dxe5 Ngxe5 11.Qxd6 Bxd6 12.Ne4 Be7 13.O-O-O Rd8 14.N2c3 h6 15.Nd5 Bd6
16.Nxd6+ cxd6 17.Rhe1 O-O 18.Bg3 g5 19.f4 gxf4 20.Bxf4 Kg7 21.Re3 Ng6 22.Bg3 Nce5
23.Rb3 Rb8 24.Bf2 Nc4 25.Ba7 Rbe8 26.Bd4+ Nge5 27.Rxb7 Rb8 28.Rc7 Kg6 29.Bxe5 Nxe5
30.Ne7+ Kg5 31.Rxd6 Ra8 32.Rc5 f6 33.b4 Rf7 34.Nc6 Re8 35.Nd4 Kf4 36.Rxa6  1-0

[Event "48th TCh-SCG"]
[Site "Herceg Novi SCG"]
[Date "2005.05.18"]
[Round "4"]
[White "Simic,Dragi"]
[Black "Popchev,M"]
[Result "0-1"]
[WhiteElo "2313"]
[BlackElo "2460"]

1.e4 d5 2.exd5 Qxd5 3.Nc3 Qd8 4.d4 Nf6 5.Bc4 a6 6.a4 Nc6 7.d5 Nb4 8.Bg5 Bf5
9.Bb3 c6 10.dxc6 Qxd1+ 11.Rxd1 bxc6 12.Rd2 e6 13.Nge2 Be7 14.O-O h6 15.Bh4 c5
16.f3 O-O 17.Nd1 g5 18.Bf2 Rfd8 19.Ne3 Bg6 20.Nc3 Nfd5 21.Ne4 Bxe4 22.fxe4 Nf6
23.e5 Ne4 24.Rxd8+ Rxd8 25.Nc4 Nxf2 26.Kxf2 Kg7 27.Ke2 Nc6 28.c3 Rb8 29.Bc2 Bd8
30.Be4 Na5 31.Nd6 Rxb2+ 32.Ke3 f5 33.exf6+ Kf8 34.f7 Bc7 35.Ne8 Nc4+  0-1

[Event "ch-UKR sf"]
[Site "Alushta UKR"]
[Date "2005.05.20"]
[Round "5"]
[White "Dobronovsky,R"]
[Black "Vasiliev,M"]
[Result "0-1"]
[WhiteElo "2096"]
[BlackElo "2213"]

1.e4 d5 2.exd5 Qxd5 3.Nc3 Qd6 4.d4 Nf6 5.Nf3 a6 6.g3 Bg4 7.Bg2 Nc6 8.O-O O-O-O
9.h3 Bxf3 10.Qxf3 e6 11.Be3 Qd7 12.a3 Nd5 13.Nxd5 exd5 14.b4 g6 15.c4 Bg7
16.b5 axb5 17.cxb5 Nxd4 18.Bxd4 Bxd4 19.Rad1 Bc5 20.Qc3 Qxb5 21.Rb1 Qc6 22.Rfc1 Rhe8
23.Qa5 b6 24.Qa6+ Kd7 25.Re1 Ra8 26.Qf1 Rxe1 27.Rxe1 Qf6 28.Bxd5 Rxa3 29.Kg2 c6
30.Be4 Ra2 31.Re2 Rxe2 32.Qxe2 Kc7 33.Bf3 Qd4 34.Qa2 b5 35.Qxf7+ Kb6 36.Qa2 b4
37.h4 Qc3 38.Qe6 Bd4 39.Qd7 b3 40.Qxh7 Qc2 41.Qd7 Qxf2+ 42.Kh3 Qxf3 43.Qxd4+ Kb5
44.Qd8 Qf5+ 45.Kh2 Qf2+ 46.Kh3 b2 47.Qd3+ Kb6 48.Qd8+ Kb5 49.Qd3+ Kc5 50.Qxg6 Qf1+
51.Kh2 b1=Q 52.Qg5+ Qbf5 53.Qe3+ Kd5 54.Qb3+ Qc4 55.Qd1+ Qcd3  0-1

[Event "VII Open"]
[Site "Salou ESP"]
[Date "2005.05.20"]
[Round "1"]
[White "Cicak,S"]
[Black "Gallego Montes,A"]
[Result "1-0"]
[WhiteElo "2530"]
[BlackElo "2040"]

1.e4 d5 2.exd5 Qxd5 3.Nc3 Qd6 4.d4 Nf6 5.Nf3 a6 6.Bd3 Nc6 7.Ne4 Nxe4 8.Bxe4 g6
9.O-O Bg7 10.c3 e5 11.Bxc6+ Qxc6 12.Nxe5 Bxe5 13.dxe5 Be6 14.Bg5 Qd5 15.Qe2 Qc4
16.Qf3 h6 17.Qf6  1-0

[Event "HB Global CC"]
[Site "Minneapolis USA"]
[Date "2005.05.21"]
[Round "6"]
[White "Glek,I"]
[Black "Muhammad,S"]
[Result "0-1"]
[WhiteElo "2597"]
[BlackElo "2334"]

1.e4 d5 2.exd5 Qxd5 3.Nc3 Qd6 4.d4 Nf6 5.Nf3 a6 6.g3 Bg4 7.Bg2 Nc6 8.O-O O-O-O
9.d5 Nb4 10.Bf4 Qc5 11.Be3 Qd6 12.Qc1 Nbxd5 13.Nxd5 Nxd5 14.Rd1 Qf6 15.Bg5 Qf5
16.Nh4 Qe6 17.Qd2 Bxd1 18.Rxd1 h6 19.Be3 g5 20.Qd4 Bg7 21.Qa7 c6 22.Bc5 gxh4  0-1

[Event "TCh-ROM A"]
[Site "Tusnad ROM"]
[Date "2005.05.21"]
[Round "1"]
[White "Sasu Ducsoara,An"]
[Black "Gheorghe,C"]
[Result "1/2-1/2"]
[WhiteElo "2216"]
[BlackElo "2234"]

1.e4 d5 2.exd5 Qxd5 3.Nc3 Qd6 4.d4 c6 5.g3 Nf6 6.Bf4 Qd8 7.Bg2 Bf5 8.Nge2 e6
9.h3 h5 10.Qd2 Be7 11.a3 Nbd7 12.O-O Rc8 13.Rfe1 O-O 14.Rad1 Nd5 15.Ne4 Nxf4
16.Nxf4 Bxe4 17.Rxe4 Bg5 18.h4 Bh6 19.Bf3 Qb6 20.b4 g6 21.c4 Rfd8 22.Kg2 Nf6
23.Re5 Rd7 24.d5 cxd5 25.cxd5 Rcd8 26.Qe3 Qxe3 27.fxe3 Bxf4 28.exf4 Nxd5
29.Kf2 Kf8 30.Rc1 b6 31.Bxd5 Rxd5 32.Rxd5 Rxd5 33.Rc7 a5 34.bxa5 Rxa5 35.Rb7 b5
36.Kg2 Kg7 37.Kf2 Kf6 38.Kg2 e5 39.fxe5+ Kxe5 40.Rxf7 Rxa3 41.Rb7 Rb3 42.Rb6 Kf5
43.Kf2 g5 44.hxg5 Kxg5 45.Kg2 b4 46.Kh3 Rb1 47.Rb5+ Kg6 48.g4 hxg4+ 49.Kxg4 b3
50.Rb6+ Kf7 51.Kf3 b2 52.Kg2 Ke7 53.Kh2 Kd7 54.Kg2 Kc7 55.Rb3 Kc6 56.Rb8 Kc5
57.Rc8+ Kd4 58.Rb8  1/2-1/2

[Event "30th Elekes Mem IM"]
[Site "Budapest HUN"]
[Date "2005.05.22"]
[Round "2"]
[White "Katsuhara,O"]
[Black "Peredy,F"]
[Result "0-1"]
[WhiteElo "2106"]
[BlackElo "2290"]

1.e4 d5 2.exd5 Qxd5 3.Nc3 Qd6 4.d4 Nf6 5.g3 Bg4 6.Qd3 c6 7.Bg2 e6 8.Nf3 Bf5
9.Qe2 h6 10.Bf4 Qb4 11.O-O-O Be7 12.Ne5 Nd5 13.Bd2 Qb6 14.Rhe1 Nxc3 15.Bxc3 O-O
16.f4 Qa6 17.Qxa6 Nxa6 18.Nc4 Nb4 19.Bxb4 Bxb4 20.c3 Be7 21.Be4 Bxe4 22.Rxe4 Rfd8
23.Ree1 Rac8 24.Kc2 Rc7 25.Ne5 g6 26.Nc4 Rcd7 27.Na5 Kg7 28.Nb3 Rd5 29.Re5 g5
30.fxg5 hxg5 31.Rde1 Rh8 32.R1e2 b6 33.Rxd5 cxd5 34.Kd3 Bd6 35.Nd2 Kg6 36.Nf3 Kf5
37.Ne5 Bxe5 38.Rxe5+ Kg4 39.Re2 Kf3 40.b3 b5 41.Rb2 Rc8 42.a4 a6 43.axb5 axb5
44.Ra2 Rh8 45.Re2 g4 46.Ra2 Rh7 47.c4 bxc4+ 48.bxc4 dxc4+ 49.Kxc4 Rh5 50.Kd3 Rd5
51.Re2 Rxd4+ 52.Kxd4 Kxe2 53.Ke4 Kf2 54.Kf4 f5  0-1

[Event "VII Open"]
[Site "Salou ESP"]
[Date "2005.05.23"]
[Round "4"]
[White "Fedorchuk,S"]
[Black "Cicak,S"]
[Result "1/2-1/2"]
[WhiteElo "2577"]
[BlackElo "2530"]

1.e4 d5 2.exd5 Qxd5 3.Nc3 Qd6 4.d4 c6 5.Be3 Nf6 6.Qd2 Bf5 7.O-O-O e6 8.f3 Nd5
9.g4 Bg6 10.Nxd5 cxd5 11.Ne2 Nc6 12.Nf4 Rc8 13.Kb1 Nb4 14.Bb5+ Kd8 15.Nxg6 hxg6
16.c3 Nc6 17.Bf4 Qd7 18.h4 a6 19.Bd3 Bd6 20.h5 gxh5 21.Rxh5 Kc7 22.Rdh1 Rhg8
23.Rh7 Bxf4 24.Qxf4+ Kb6 25.Qg5 Qe7 26.Qxe7 Nxe7 27.f4 Nc6 28.a3 Rc7 29.Re1 Re7
30.Kc2 Kc7 31.Rf1 f6 32.Bg6 Kd6 33.Rh5 Rc8 34.Kd3 e5 35.fxe5+ fxe5 36.Rg5 Rh8
37.Bh5 Rh6 38.Rf8 exd4 39.cxd4 Rhe6 40.Rg6 Rxg6 41.Bxg6 Re1 42.Rf4 Rg1 43.Kc3 Rg3+
44.Kd2 Nd8 45.Bf5 g5 46.Rf1 Nc6 47.Bc8 Kc7 48.Be6 Kd6 49.Bc8 Rb3 50.Rf6+ Kc7
51.Be6 Rxb2+ 52.Kc3 Ra2 53.Bxd5 Rxa3+ 54.Kd2 Rg3 55.Rf7+ Kd6 56.Bf3 Nxd4
57.Bxb7 a5 58.Bc8 a4 59.Rd7+ Ke5 60.Re7+ Kd6 61.Rd7+ Kc5 62.Rc7+ Kb6 63.Rb7+ Kc6
64.Rb4 Nb3+ 65.Kc2 Nc5 66.Bf5 Kd5 67.Kb2 Rb3+ 68.Rxb3 axb3 69.Kc3 Ne6 70.Bh7 Nd4
71.Bg6 Ke5 72.Bh7 Nf3 73.Bf5 Kf4 74.Bc8 Ne5 75.Kxb3 Nxg4 76.Kc3 Ne3 77.Bh3 Ng4
78.Kd4 Kg3 79.Bf1 Nh2 80.Ba6 Kf4 81.Bc8 Nf3+ 82.Kd3 Nh4 83.Ke2 Nf5 84.Bxf5 Kxf5
85.Kf3 g4+  1/2-1/2

[Event "ch-UKR sf"]
[Site "Alushta UKR"]
[Date "2005.05.24"]
[Round "9"]
[White "Stoockalov,V"]
[Black "Vasiliev,M"]
[Result "1-0"]
[WhiteElo "2347"]
[BlackElo "2213"]

1.e4 d5 2.exd5 Qxd5 3.Nc3 Qd6 4.g3 a6 5.Bg2 Nc6 6.h3 Nf6 7.Nge2 Bf5 8.d3 Qd7
9.g4 Bg6 10.Nf4 e6 11.O-O Bd6 12.Nxg6 hxg6 13.Ne4 Nxe4 14.dxe4 O-O-O 15.Be3 Qe7
16.Qe2 g5 17.c3 Bf4 18.Bxf4 gxf4 19.e5 Qc5 20.Rfe1 g5 21.a4 Ne7 22.Rac1 Ng6
23.b4 Qa7 24.Rcd1 Rxd1 25.Rxd1 Rd8 26.Rxd8+ Kxd8 27.Qd3+ Kc8 28.Qd4 Qxd4
29.cxd4 c6 30.Be4 Nh4 31.a5 Kd7 32.Kf1 f3 33.Ke1 Ng2+ 34.Kd2 Nf4 35.h4 gxh4
36.Bxf3 Ke7 37.Ke3 Nh3 38.b5 Kd7 39.bxa6 bxa6 40.Be2 Ng1 41.Bxa6 h3 42.Bd3 Kc7
43.Be4 h2 44.f4 Nh3 45.Bh1 Ng1 46.f5 Nh3 47.f6  1-0

[Event "69th ch-BUL"]
[Site "Pleven BUL"]
[Date "2005.05.25"]
[Round "3"]
[White "Ninov,N"]
[Black "Panbukchian,V"]
[Result "0-1"]
[WhiteElo "2486"]
[BlackElo "2340"]

1.e4 d5 2.exd5 Qxd5 3.Nc3 Qd6 4.d4 Nf6 5.Nf3 a6 6.g3 Bg4 7.Bg2 Nc6 8.O-O O-O-O
9.d5 Ne5 10.Nxe5 Qxe5 11.f3 Be6 12.Re1 Qf5 13.f4 Qg6 14.Re5 Bf5 15.Qf3 Ne8
16.Qf2 Nd6 17.Qa7 h5 18.Na4 Kd7 19.Nc5+ Ke8 20.Nxb7 h4 21.Nxd8 hxg3 22.h3 Kxd8
23.Bd2 Bxh3 24.f5 Bxf5 25.Ba5 f6 26.Bxc7+ Ke8 27.Bxd6 fxe5 28.Bxe5 Qg5 29.Rf1 Rh2
30.Qb8+ Kf7 31.Bxg3 Qe3+ 32.Kxh2  0-1

[Event "TCh-ROM A"]
[Site "Tusnad ROM"]
[Date "2005.05.26"]
[Round "6"]
[White "Biro,S"]
[Black "Mateuta,G"]
[Result "1/2-1/2"]
[WhiteElo "2326"]
[BlackElo "2478"]

1.e4 d5 2.exd5 Qxd5 3.Nc3 Qd6 4.d4 c6 5.Nge2 Nf6 6.g3 Bf5 7.Bg2 e6 8.O-O Qd8
9.h3 h5 10.Bg5 Nbd7 11.a4 a5 12.Re1 Qb6 13.Be3 Qd8 14.Nf4 Be7 15.Qe2 Nb6
16.d5 Nbxd5 17.Ncxd5 cxd5 18.c4 d4 19.Rad1 Bc5  1/2-1/2

[Event "GM"]
[Site "Frascati ITA"]
[Date "2005.05.27"]
[Round "7"]
[White "Ronchetti,N"]
[Black "Garcia Palermo,C"]
[Result "1/2-1/2"]
[WhiteElo "2364"]
[BlackElo "2459"]

1.e4 d5 2.exd5 Qxd5 3.Nc3 Qd6 4.d4 Nf6 5.Nf3 a6 6.Be3 e6 7.Bd3 Nbd7 8.Qe2 b5
9.a4 b4 10.Ne4 Qd5 11.Nxf6+ Nxf6 12.Bf4 Bd6 13.Be5 Bb7 14.O-O Bxe5 15.dxe5 Nd7
16.Rfe1 Nc5 17.Bc4 Qe4 18.Qxe4 Bxe4 19.Nd4 Rd8 20.Rad1 Nxa4 21.Bxa6 Nxb2
22.Bb5+ c6 23.Rb1 Rxd4 24.Rxe4 Rxe4 25.Bxc6+ Ke7 26.Bxe4 Rd8 27.f3 Na4 28.Rxb4 Nc5
29.Rc4 Rd1+ 30.Kf2 Rd2+ 31.Kg3 Nxe4+ 32.fxe4 g6 33.Kf3 Kd7 34.c3 Rc2 35.Rd4+ Ke7
36.Rd3 h5 37.h4 Ra2 38.g3 Ra5 39.Kf4 Rc5 40.Re3 Rc4 41.Rf3 Rc5 42.Rd3 Ke8
43.Re3  1/2-1/2

[Event "69th ch-BUL"]
[Site "Pleven BUL"]
[Date "2005.05.27"]
[Round "5"]
[White "Bojkov,D"]
[Black "Panbukchian,V"]
[Result "1-0"]
[WhiteElo "2509"]
[BlackElo "2340"]

1.e4 d5 2.exd5 Qxd5 3.Nc3 Qd6 4.d4 Nf6 5.Nf3 Nc6 6.Nb5 Qd8 7.d5 Nb4 8.c4 c6
9.dxc6 Qa5 10.Bd2 Ne4 11.Bxb4 Qxb4+ 12.Nd2 Rb8 13.Nc7+ Kd8 14.Nd5  1-0

[Event "TCh-IRI"]
[Site "Tehran IRI"]
[Date "2005.05.27"]
[Round "2"]
[White "Rafiei,A1"]
[Black "Darban,M"]
[Result "1/2-1/2"]
[WhiteElo "2164"]
[BlackElo "2397"]

1.e4 d5 2.exd5 Qxd5 3.Nc3 Qd6 4.d4 c6 5.Nf3 Bg4 6.Bc4 Nf6 7.Be3 Nbd7 8.h3 Bh5
9.g4 Bg6 10.Qd2 e6 11.O-O-O Qb4 12.Ne5 Ne4 13.Nxe4 Bxe4 14.c3 Qa5 15.Rhe1 Nxe5
16.dxe5 Bd5 17.Bb3 O-O-O 18.Qd4 Bxb3 19.Qxd8+ Qxd8 20.Rxd8+ Kxd8 21.axb3 Kc7
22.Kc2 Be7 23.Ra1 a6 24.Ra4 h5 25.Rf4 hxg4 26.hxg4 f6 27.Kd3 Rh4 28.b4 g5
29.Re4 f5 30.gxf5 exf5 31.Rxh4 gxh4 32.f4 h3 33.Bg1 Bh4 34.Bh2 Kd7 35.Ke2 Ke6
36.Kf3 Kd5 37.Bg3 Bd8 38.Bf2 b6 39.Bg1 Kc4 40.Kg3 a5 41.bxa5 bxa5 42.Kxh3 Kb3
43.e6 a4 44.Bc5 Kxb2 45.e7 Bxe7 46.Bxe7 a3 47.c4 a2 48.Kh4 Kb3 49.Bf6 Kxc4
50.Kg5 Kd3 51.Kxf5 c5 52.Kg6 c4 53.f5 c3 54.Bxc3 Kxc3 55.f6 a1=Q 56.f7 Qa3
57.Kg7 Qe7 58.Kg8 Qe6 59.Kg7 Qg4+ 60.Kh7 Qf5+ 61.Kg8 Qg6+ 62.Kh8  1/2-1/2

[Event "69th ch-BUL"]
[Site "Pleven BUL"]
[Date "2005.06.01"]
[Round "11"]
[White "Radulski,J"]
[Black "Panbukchian,V"]
[Result "0-1"]
[WhiteElo "2502"]
[BlackElo "2340"]

1.e4 d5 2.exd5 Qxd5 3.Nc3 Qd6 4.d4 Nf6 5.Nf3 a6 6.a3 g6 7.Bg5 Bg7 8.Qd2 b5
9.Be2 Bb7 10.O-O O-O 11.Bf4 Qb6 12.Qe3 Re8 13.Ne5 Nc6 14.Rad1 Rad8 15.Bf3 e6
16.Bxc6 Bxc6 17.Bg5 Nd5 18.Nxd5 Rxd5 19.Ng4 Rxd4 20.Nf6+ Bxf6 21.Bxf6 Rg4
22.Qxb6 Rxg2+ 23.Kh1 cxb6 24.f3 Rxc2 25.Rd6 h6 26.Kg1 g5 27.Rf2 Rc1+ 28.Kg2 Kh7  0-1

[Event "14th CRO-Cup"]
[Site "Sibenik CRO"]
[Date "2005.06.01"]
[Round "4"]
[White "Saric,Ib"]
[Black "Kurajica,B"]
[Result "1/2-1/2"]
[WhiteElo "2456"]
[BlackElo "2539"]

1.e4 d5 2.exd5 Qxd5 3.Nc3 Qd6 4.d4 g6 5.Nf3 Bg7 6.Nb5 Qb6 7.Bf4 Na6 8.Qe2 Bg4
9.a4 Bxf3 10.gxf3 Nf6 11.a5 Qc6 12.Be5 O-O 13.c3 Nh5 14.Bxg7 Kxg7 15.Qe4 Qf6
16.Na3 c5 17.O-O-O cxd4 18.Qxd4 e5 19.Qe3 Rac8 20.Nc4 Nc5 21.Qxe5 Qxe5 22.Nxe5 Nb3+
23.Kc2 Nxa5 24.Ra1 b6 25.b4 Rfe8 26.Nxf7 Kxf7 27.bxa5 Nf4 28.axb6 axb6 29.Ra7+ Re7
30.Rxe7+ Kxe7 31.Bb5 Rc5 32.Rb1 Kd6 33.Bf1 Kc7 34.Rb5 Rc6 35.Re5 Kd6 36.Re4 g5
37.h4 h6 38.hxg5 hxg5 39.Kb3 Rc5 40.Rd4+ Kc7 41.Rc4 Kd6 42.Rd4+ Kc7  1/2-1/2

[Event "14th CRO-Cup"]
[Site "Sibenik CRO"]
[Date "2005.06.02"]
[Round "5"]
[White "Zelcic,R"]
[Black "Sermek,D"]
[Result "0-1"]
[WhiteElo "2514"]
[BlackElo "2555"]

1.e4 d5 2.exd5 Qxd5 3.Nc3 Qd6 4.d4 Nf6 5.Nf3 a6 6.g3 Bg4 7.h3 Bh5 8.Qe2 Nc6
9.Be3 O-O-O 10.Bg2 e6 11.O-O Be7 12.a3 Nd5 13.Ne4 Qd7 14.b4 f5 15.Nc5 Bxc5
16.bxc5 f4 17.gxf4 Rhf8 18.Rab1 Nxd4 19.Bxd4 Nxf4 20.Qe5 Nxg2 21.Qxh5 Nf4
22.Qe5 Qc6 23.Rb3 Rxd4 24.Rfb1 Nxh3+ 25.Kh2 Rxf3 26.Rxf3 Qxf3 27.Qxd4 Nf4  0-1

[Event "TCh-BIH Prem w"]
[Site "Neum BIH"]
[Date "2005.06.05"]
[Round "2"]
[White "Ivanovic,J"]
[Black "Plivcevic,I"]
[Result "1-0"]
[WhiteElo "2169"]
[BlackElo "2021"]

1.e4 d5 2.exd5 Qxd5 3.Nc3 Qd8 4.Bc4 c6 5.d4 Bf5 6.Nf3 e6 7.O-O Bd6 8.Re1 Nf6
9.h3 Nbd7 10.Nh4 Bg6 11.Bg5 Qa5 12.Qd2 O-O-O 13.a3 Bb8 14.b4 Qc7 15.g3 Nb6
16.Bf1 Qd7 17.Rad1 Nbd5 18.Nxd5 exd5 19.Bxf6 gxf6 20.Bg2 Rde8 21.Rxe8+ Rxe8
22.Nxg6 fxg6 23.Re1 f5 24.Rxe8+ Qxe8 25.c4 dxc4 26.d5 Qd7 27.Qd4 f4 28.g4 Qe8
29.Qxc4 Qe1+ 30.Qf1 Qxf1+ 31.Kxf1 cxd5 32.Bxd5 Be5 33.g5 Bb2 34.a4 Bc3 35.b5 Kc7
36.Bg8 h6 37.gxh6 Bh8 38.Ke2 Kb6 39.Bb3 Kc5 40.Kf3 Kd4 41.Kxf4  1-0

[Event "TCh-BIH Prem"]
[Site "Neum BIH"]
[Date "2005.06.06"]
[Round "3"]
[White "Gavric,M"]
[Black "Kurajica,B"]
[Result "0-1"]
[WhiteElo "2398"]
[BlackElo "2539"]

1.e4 d5 2.exd5 Qxd5 3.Nc3 Qd6 4.d4 Nf6 5.Nb5 Qb6 6.c4 a6 7.Nc3 e5 8.dxe5 Ng4
9.Nh3 Bc5 10.Qc2 Nc6 11.Nd5 Nd4 12.Qd1 Qc6 13.Be2 Nxe5 14.Be3 Bxh3 15.Bxd4 Bxg2
16.Bxe5 O-O-O 17.Qb3 Bxh1 18.Bg4+ Kb8 19.Bxc7+ Ka8 20.Bxd8 Rxd8 21.Rd1 Qg6
22.Ne3 Re8  0-1

[Event "TCh-BIH Prem"]
[Site "Neum BIH"]
[Date "2005.06.08"]
[Round "5"]
[White "Avdic,A"]
[Black "Kurajica,B"]
[Result "0-1"]
[WhiteElo "2304"]
[BlackElo "2539"]

1.e4 d5 2.exd5 Qxd5 3.Nc3 Qd6 4.d4 g6 5.Nf3 Bg7 6.g3 Bf5 7.Bg2 Qa6 8.Ne5 Nd7
9.Nxd7 Bxd7 10.Ne4 b6 11.c3 Rc8 12.a4 Nf6 13.Nxf6+ Bxf6 14.Bh6 c5 15.d5 Qc4
16.Qe2 Bxc3+  0-1